Dům ticha

Saved in:
Bibliographic Details
Main Author White, Kiersten
Format Electronic eBook
LanguageCzech
Published Cosmopolis 2026
Edition1. elektronické vydání
Subjects
Online AccessDostupné v BOOKPORT po přihlášení pomocí eduID
ISBN978-80-271-6248-2
978-80-271-6249-9
978-80-271-5989-5
Physical Description1 online zdroj (260 stran)

Cover

LEADER 00000nam a2200000 i 4500
001 bkp15113
003 CZ-prgp
005 20260414105338.0
006 m o d
007 cr cn
008 260414s2026 xr o 000 1 cze
020 |a 978-80-271-6248-2  |c 339 Kč  |q (online ; pdf) 
020 |a 978-80-271-6249-9  |c 339 Kč  |q (online ; epub) 
020 |a 978-80-271-5989-5  |c 406 Kč  |q (print) 
040 |a Grada  |b cze  |e rda 
100 1 |a White, Kiersten 
245 1 0 |a Dům ticha  |c Kiersten White 
250 |a 1. elektronické vydání 
264 1 |b Cosmopolis  |c 2026 
300 |a 1 online zdroj (260 stran) 
336 |a text  |b txt  |2 rdacontent 
337 |a počítač  |b c  |2 rdamedia 
338 |a online zdroj  |b cr  |2 rdacarrier 
520 3 |a Aby zachránila svou sestru, musí vstoupit do Domu. 
650 0 4 |a Beletrie 
650 0 4 |a Dobrodružství, napětí, thrillery 
650 0 4 |a Sci-fi, fantasy 
650 0 4 |a Světová současná beletrie 
650 0 4 |a Young Adult, New Adult 
650 0 4 |a Dobrodružství, napětí, fantasy 
856 4 0 |u https://www.bookport.cz/AccountSaml/SignIn/?idp=https://shibboleth.utb.cz/idp/shibboleth&returnUrl=/kniha/dum-ticha-15982/  |y Dostupné v BOOKPORT po přihlášení pomocí eduID